| 000 | 00592nam a22001937a 4500 | ||
|---|---|---|---|
| 999 |
_c526529 _d526529 |
||
| 003 | NUST | ||
| 005 | 20190712112428.0 | ||
| 008 | 190712b ||||| |||| 00| 0 eng d | ||
| 020 | _qHardcover. | ||
| 038 | _aMr.Zahoor | ||
| 082 | _a658.15 | ||
| 100 |
_aKhan, Noor- Us- Sabbah _917545 |
||
| 245 |
_aA Study of Shariah- Compilance Criteria and Determinants of Leverage for Islamic Stocks / _cNoor- Us- Sabbah Khan |
||
| 260 |
_aIslamabad : _bNBS - NUST, _c2014. |
||
| 300 |
_a35 p. ; _c30cm. |
||
| 650 |
_aFinance - MS Thesis _917546 |
||
| 700 |
_aDr.Salim Batla _917547 |
||
| 942 |
_2ddc _cTHE |
||